000 00510cam a2200193 4500
001 D7200
008 090401t1983 xxu||||| |||| 00| 0 eng d
035 _a(Sirsi) u5834
041 _aeng
050 _a624.176
100 _aMoore, J. F. A.
245 4 _aThe incidence of accidental loadings in buildings 1971-81
260 _aGarston, Watford
_bBuilding Research Establishment
_c1983
300 _a4p. 30cm
350 _a0
490 _aBRE Information Paper
_v8/83
942 _n0
948 _c04/03/1997
999 _c86218
_d86218